Представление документа в формате RUSMARC

Поле Инд. ПП Название Значение
Тип записи a
Библиографический уровень a
001 _ Контрольный номер RU/REP/BASE/00004339
005 _ Дата корректировки 20181104132001.7
200 a Заглавие Конституция Республики Беларусь в системе инновационного развития белорусского общества
f Первые сведения об ответственности Степаненко Д.М.
b Общее обозначение материала Текст
210 d Дата издания 2015
461 _0 1 001RU/REP/BASE/00010629
1 2001
a Закон и право
463 1 20002
a №7.
v С. 38-47
1 210
d 2015
610 a Ключевые слова КОНСТИТУЦИИ, СТРАХОВОЕ ПРАВО РФ, КОНСТИТУЦИОННОЕ ПРАВО, ПРАВО ЗАРУБЕЖНЫХ СТРАН, БЕЛАРУСЬ
700 _1 a Фамилия Степаненко
b Имя Д.М.
901 t Тип документа b
w Контрольный № источника 212124b945ea4b27bcf038d1bf22084c